| 000 | 00484nam a2200181 a 4500 | ||
|---|---|---|---|
| 005 | 20210219153240.0 | ||
| 008 | 991125n 000 0 spa u | ||
| 035 | _aUPN01000085675 | ||
| 100 | _aBARRANCO, Manuel | ||
| 222 |
_aEDUCACION : _bREVISTA MENSUAL |
||
| 245 | _aEl libro diario de las tareas escolares | ||
| 300 | _a257-262 | ||
| 362 | _a1923 Vol. 2, no. 5, sep. | ||
| 653 | 0 | _aEDUCACION PRIMARIA | |
| 653 | 0 | _aTAREA ESCOLAR | |
| 904 |
_aAC _b023486 |
||
| 905 | _aArticulo | ||
| 999 |
_c72015 _d72015 |
||